00928nam a22001817a 4500003000900000008004100009040007100050082001800121100001900139245004600158260003600204300002800240505039500268650002900663650002300692650001300715650001800728AR-CdUCM190225b ||||| |||| 00| 0 spa d aMUNICIPALIDAD PROVINCIAL DEL CUSCOcBIBLIOTECA MUNICIPAL DEL CUSCO a818.5 / bB26 aBassett, James aPrimera Victoria :bla última batalla / aBarcelona : bBruguera, c1966. a666 páginas ;c17 cm. aHe aquí la verdad humana de los grandes combates navales del Pacífico durante la segunda guerra mundial. Más que una "novela de guerra": una historia de hombres y mujeres, para los cuales el amor y los lazos de unión con el mundo de cada día tienen la misma y fascinante importancia que nosotros le damos. la anatomía, se ha dicho, del alto mando norteamericano en plena lucha.  aNarrativa norteamericana aNovela histórica aSiglo XX aBatalla naval